| Tag |
First Indicator |
Second Indicator |
Subfields |
| LEADER |
00000cam a2200000 a 4500 |
| 001 |
in00000019197 |
| 005 |
20151007054208.0 |
| 008 |
860507s1985 stkaf b 00110 eng |
| 010 |
|
|
|a 86156092
|
| 020 |
|
|
|a 085224522X (pbk.)
|
| 020 |
|
|
|a 085224472X (hard)
|
| 035 |
|
|
|a (OCoLC)14187201
|
| 035 |
|
|
|9 AAB4283AM
|
| 040 |
|
|
|a DLC
|c DLC
|d m/c
|d TXA
|d UtOrBLW
|
| 043 |
|
|
|a e-uk-st
|
| 049 |
|
|
|a TXAM
|c [A11085824]
|
| 050 |
0 |
0 |
|a GN806.S4
|b M84 1985
|
| 082 |
0 |
|
|a 941.1
|2 19
|
| 100 |
1 |
|
|a Morrison, Ian.
|
| 245 |
1 |
0 |
|a Landscape with lake dwellings :
|b the crannogs of Scotland /
|c Ian Morrison.
|
| 264 |
|
1 |
|a Edinburgh :
|b University Press,
|c [1985]
|
| 264 |
|
4 |
|c ©1985
|
| 300 |
|
|
|a x, 117 pages, 16 unnumbered pages of plates :
|b illustrations (some color) ;
|c 21 cm.
|
| 336 |
|
|
|a text
|b txt
|2 rdacontent
|
| 337 |
|
|
|a unmediated
|b n
|2 rdamedia
|
| 338 |
|
|
|a volume
|b nc
|2 rdacarrier
|
| 504 |
|
|
|a Bibliography: pages 103-109.
|
| 500 |
|
|
|a Includes indexes.
|
| 650 |
|
0 |
|a Lake-dwellers and lake-dwellings
|z Scotland.
|
| 651 |
|
0 |
|a Scotland
|x Antiquities.
|
| 999 |
|
|
|a MARS
|
| 999 |
f |
f |
|s 704f1f72-1226-34f4-816b-49f5c3181454
|i 3eea0b8c-4800-35db-85d5-d7c0ce7c693c
|t 0
|
| 952 |
f |
f |
|p ric
|a Texas A&M University
|b Rellis Campus
|c Joint Library Facility
|d Remote Storage
|t 0
|e GN806.S4 M84 1985
|h Library of Congress classification
|i unmediated -- volume
|m A14811085824
|
| 998 |
f |
f |
|a GN806.S4 M84 1985
|t 0
|l Remote Storage
|